LEADER 01751nam0 22003853i 450 001 NAP0528586 005 20251003044255.0 010 $a9788897323013 100 $a20241218d2011 ||||0itac50 ba 101 | $aita 102 $ait 181 1$6z01$ai $bxxxe 182 1$6z01$an 183 1$6z01$anc$2RDAcarrier 200 1 $aImpianti solari fotovoltaici a norme CEI$eguida per progettisti e installatori$fFrancesco Groppi, Carlo Zuccaro 205 $a7. ed 210 $aMilano$cEditoriale Delfino$d2011 215 $aXIV, 525 p.$cill. in parte color.$d25 cm. 606 $aSole$xEnergia$xUtilizzazione$2FIR$3CFIC006094$9I 606 $aImpianti solari$xProgettazione$2FIR$3SBLC000547$9E 676 $a621.31$9Generazione, modificazione, accumulazione, trasmissione dell'energia elettrica$v14 676 $a621.31244$9Conversione diretta dell'energia. Generazione mediante la radiazione solare$v22 676 $a621.47$9INGEGNERIA DELL'ENERGIA SOLARE$v22 696 $aUtilizzo 699 $aUtilizzazione$yUtilizzo 700 1$aGroppi$b, Francesco$3LO1V187202$0340593 701 1$aZuccaro$b, Carlo$3LO1V187203$0340594 801 3$aIT$bIT-000000$c20241218 850 $aIT-BN0095 901 $bNAP 01$cSALA DING $n$ 912 $aNAP0528586 950 0$aBiblioteca Centralizzata di Ateneo$b1 v. (2. copia)$c1 v. in due copie$d 01SALA DING 621.31 GRO.im$e 0102 0000091555 VMA A4 1 v.$fY $h20120227$i20120227$b1 v. (2. copia)$c1 v. in due copie$d 01SALA DING 621.31 GRO.im$e 0102 0000092495 VMA A4(bis 1 v. (2. copia)$fA $h20120406$i20120406 977 $a 01 996 $aImpianti solari fotovoltaici a norme CEI$9328655 997 $aUNISANNIO